[Event "Pilsen Region-chT 2223"]
[Site "Czech Republic"]
[Date "2023.01.15"]
[Round "6.6"]
[White "Chmelik, Ondrej"]
[Black "Stachova, Jana"]
[Result "1-0"]
[WhiteElo "1903"]
[BlackElo "1876"]
[PlyCount "115"]
[EventDate "2022.10.09"]
[EventType "team-tourn"]
[EventRounds "11"]
[EventCountry "CZE"]
[SourceTitle "EXT 2024"]
[Source "ChessBase"]
[SourceDate "2023.10.10"]
[SourceVersion "1"]
[SourceVersionDate "2023.10.10"]
[SourceQuality "1"]
[WhiteTeam "HerNyr"]
[BlackTeam "Line III"]
[WhiteTeamCountry "CZE"]
[BlackTeamCountry "CZE"]

1. e4 c5 2. c3 d5 3. exd5 Qxd5 4. d4 cxd4 5. cxd4 Nc6 6. Nf3 Bg4 7. Nc3 Qa5 8. d5 0-0-0 9. Bd2 Nb4 10. Rc1 Kb8 11. Nb5 Rxd5 12. a3 Bxf3 13. gxf3 Re5+ 14. Be2 Nd3+ 15. Kf1 Qxb5 16. Qc2 Rc5 17. Qxd3 Rxc1+ 18. Bxc1 Qxd3 19. Bxd3 e5 20. Ke2 Bc5 21. Rg1 g6 22. f4 Bd4 23. fxe5 Bxe5 24. f4 Bc7 25. f5 Nf6 26. Rf1 Re8+ 27. Kd1 Ng4 28. Bf4 Bxf4 29. Rxf4 Ne5 30. Rd4 Nxd3 31. Rxd3 Kc7 32. Rh3 Rd8+ 33. Ke2 Rd5 34. Rxh7 Rxf5 35. h4 Kd7 36. Ke3 Ke6 37. Ke4 b5 38. Rh8 a5 39. b4 axb4 40. axb4 Kf6 41. Rb8 Rh5 42. Rb6+ Kg7 43. Kf3 Rxh4 44. Rxb5 Rc4 45. Rb8 f5 46. b5 Kf6 47. b6 Rc3+ 48. Ke2 g5 49. b7 Rb3 50. Rf8+ Ke5 51. b8Q+ Rxb8 52. Rxb8 Kf4 53. Kf2 Kg4 54. Rb4+ f4 55. Rb5 Kh4 56. Kf3 Kh5 57. Rb8 Kg6 58. Kg4 1-0

[Event "Sec op-B"]
[Site "Sec u Chrudimi"]
[Date "2007.10.22"]
[Round "3"]
[White "Chmelik, Ondrej"]
[Black "Zadina, Jiri1111"]
[Result "0-1"]
[WhiteElo "1401"]
[BlackElo "1541"]
[PlyCount "84"]
[EventDate "2007.10.20"]
[EventType "swiss"]
[EventRounds "9"]
[EventCountry "CZE"]
[SourceTitle "EXT 2022"]
[Source "ChessBase"]
[SourceDate "2021.10.06"]
[SourceVersion "1"]
[SourceVersionDate "2021.10.06"]
[SourceQuality "1"]

1. e4 e5 2. Nf3 Nc6 3. Bb5 a6 4. Ba4 Nf6 5. Nc3 Bb4 6. d3 Bxc3+ 7. bxc3 0-0 8. Bxc6 dxc6 9. Nxe5 Re8 10. Nf3 Bg4 11. h3 Bh5 12. Qe2 Qd7 13. Qe3 Rad8 14. 0-0 h6 15. c4 b6 16. Bb2 Nh7 17. Ne5 Qd6 18. Qg3 c5 19. Nc6 Qxg3 20. fxg3 Rd6 21. Ne5 f6 22. Nf3 Bf7 23. Rf2 Nf8 24. a3 Nd7 25. Raf1 Bg6 26. Re1 c6 27. Nh4 Bh7 28. Nf5 Bxf5 29. Rxf5 b5 30. cxb5 cxb5 31. e5 fxe5 32. Bxe5 Rde6 33. c3 Rxe5 34. Rexe5 Rxe5 35. Rf3 Re1+ 36. Kf2 Ra1 37. d4 Rxa3 38. d5 b4 39. cxb4 Rxf3+ 40. Kxf3 cxb4 41. Ke3 a5 42. Kd3 a4 0-1